000 00251nam a2200109Ia 4500
008 190216s9999||||xx |||||||||||||| ||und||
100 _aSubramanian
245 2 _aA Text Book Of Bsc Physics
260 _bS Chand & Co
650 _aPhysics
942 _cBK
999 _c32980
_d32980